Enfoques sobre teoría política /

Si en la primera mitad del siglo XX la ciencia política se mostró indiferente y aun hostil al comercio con otros campos del saber, continuando su marcha en un espléndido aislamiento, con el auge de la teoría empírica comenzó a echar nuevas y más profundas raíces en las demás ciencias sociales. Por o...

Full description

Bibliographic Details
Other Authors: Simon, Herbert Alexander 1916-, Easton, David (comp.)
Format: Libro
Language:Spanish
Published: Buenos Aires Amorrortu 1969
Subjects:

MARC

LEADER 00000cam a2200000 a 4500
001 006970
003 UAHC_CL
005 20170803120312.0
008 150420s1969 ag 000 spa
040 |a UAHC_CL  |c UAHC_CL  |d UAHC_CL 
082 0 4 |a 320.072  |b E13  |2 19 
245 1 0 |a Enfoques sobre teoría política /  |c David Easton, compilador. 
260 |a Buenos Aires  |b Amorrortu  |c 1969 
300 |a 233 p. 
520 |a Si en la primera mitad del siglo XX la ciencia política se mostró indiferente y aun hostil al comercio con otros campos del saber, continuando su marcha en un espléndido aislamiento, con el auge de la teoría empírica comenzó a echar nuevas y más profundas raíces en las demás ciencias sociales. Por otra parte, la creciente g ravedad de la crisis política del mundo moderno hizo que los teóricos de otras disciplinas se sintieran tentados a acometer una conceptualización que la nueva ciencia, todavía incipiente, tardaba en abordar por sí misma. Sociólogos, economistas, antropólogos, se dedicaron a sistematizar el estudio de fenómenos políticos en un alto nivel de generalidad. Los ensayos incluidos en esta obra son un ejemplo ilustrativo de esa «invasión», que ya no causa en los politicólogos el temor a la pérdida de su independencia intelectual. «Cada vez nos hacemos más la idea -dice Easton- de que somos parte integrante de la empresa científica total, que pretende llegar a comprender al hombre en sociedad». En un prólogo escrito para esta versión castellana, el profesor Carlos A. Floria traza la evolución de la ciencia política argentina a partir de Rodolfo Rivarola hasta su actual «crisis de legitimidad» 
650 4 |a TEORIA POLITICA 
650 4 |a CIENCIA POLITICA  |x ENSAYOS 
653 |a CIENCIAS POLITICAS 
700 1 |a Simon, Herbert Alexander  |d 1916- 
700 1 |a Easton, David  |e comp. 
900 |a 320.072 EAS 
942 |c BK 
952 |0 0  |1 0  |4 0  |6 320_072000000000000_EAS  |7 0  |8 General  |9 15195  |a BC  |b BC  |c General  |d 2017-08-03  |l 0  |o 320.072 EAS  |p 1405186  |r 2026-01-13 00:00:00  |t 1  |w 2017-08-03  |y BK 
999 |c 6970  |d 6970